000 00548nam a2200181Ia 4500
008 090124s9999 xx 000 0 und d
082 _b41273
100 _aस्वडसे एकनाथ
245 _a बहुजन हिताय
250 _a1
260 _bअनघा प्रकाशन
_c2004
300 _a287
600 _aस्वडसे एकनाथ
630 _a बहुजन हिताय
700 _aस्वडसे एकनाथ
730 _a बहुजन हिताय
942 _cBOOK
999 _c107414
_d107414